logo

ILUSTRACION PENINSULAR NUMERO EXTRAORDINARIO EDITADO COMO ESPECIAL HOMENAJE A LOS COLEGIOS DE HUERFANOS DE LA GUARDIACIVIL (Record no. 57681)

MARC details
000 -CABECERA
campo de control de longitud fija 00502nam a2200169Ia 4500
001 - NÚMERO DE CONTROL
campo de control 19291
005 - FECHA Y HORA DE LA ÚLTIMA TRANSACCIÓN
campo de control 20260407085046.0
008 - CÓDIGOS DE INFORMACIÓN DE LONGITUD FIJA
campo de control de longitud fija 260115s9999 xx 000 0 und d
035 ## - NÚMERO DE CONTROL DEL SISTEMA
Número de control de sistema 12900
090 ## - LOCALMENTE ASIGNADO TIPO-LC NÚMERO DE CLASIFICACIÓN (OCLC); NÚMERO DE CLASIFICACIÓN LOCAL (RLIN)
Número de clasificación (OCLC) (R) ; Numero de clasificación CALL (RLIN) (NR) 05
100 ## - PUNTO DE ACCESO PRINCIPAL - NOMBRE DE PERSONA
Nombre de persona HELLIN JULIO
245 #0 - MENCIÓN DE TÍTULO
Título ILUSTRACION PENINSULAR NUMERO EXTRAORDINARIO EDITADO COMO ESPECIAL HOMENAJE A LOS COLEGIOS DE HUERFANOS DE LA GUARDIACIVIL
260 ## - PUBLICACIÓN, DISTRIBUCIÓN, ETC. (PIE DE IMPRENTA)
Lugar de publicación distribución etc. MADRID
Nombre del editor distribuidor etc. LA ILUSTRACION PENINSULAR
Fecha de publicación distribución etc. 1936
630 ## - PUNTO DE ACCESO ADICIONAL DE MATERIA--TÍTULO UNIFORME
Título uniforme REVISTAS PUBLICACIONES
650 ## - PUNTO DE ACCESO ADICIONAL DE MATERIA--TÉRMINO DE MATERIA
Término de materia o nombre geográfico como elemento inicial REVISTA
942 ## - ELEMENTOS DE PUNTO DE ACCESO ADICIONAL (KOHA)
Tipo de ítem Koha Monografías
Holdings
Estado de retiro Estado de pérdida Estado dañado No para préstamo Código de colección Localización permanente Ubicación/localización actual Ubicación en estantería Fecha de adquisición Enumeración/cronología de publicación seriada Número de inventario Número de registro Total de préstamos Signatura topográfica completa Código de barras Fecha visto por última vez Número de copia Precio válido a partir de Tipo de ítem Koha Nota pública
          Servicio de Estudios Históricos Servicio de Estudios Históricos   18/02/1987 05 17698 17698   12900 FH_19291 05/02/2026 1 05/02/2026 Monografías 3 EDICION REVISTA GRAFICA Y DESCRIPTIVA DEDICADA A REFLEJAR LOS VALORES DE ALGUNAS PROVINCIAS ESPAÑOLAS